Celebrity Chefs on British TV by Picture - Statistics

General Stats
  • This quiz has been taken 242 times
    230 since last reset
  • The average score is 8 of 14
Answer Stats
Picture Answer % Correct
Jamie Oliver
96%
Mary Berry
88%
Nigella Lawson
84%
Paul Hollywood
81%
Prue Leith
67%
James Martin
60%
Heston Blumenthal
59%
Rick Stein
58%
John Torode
57%
Gary Rhodes
41%
Michel Roux Jr
37%
Hugh Fearnley-Whittingstall
32%
Marcus Wareing
26%
Antony Worrall Thompson
25%
No matching quizzes found
Score Distribution
Percent of People with Each Score
Percentile by Number Answered
Your Score History
You have not taken this quiz since the last reset